000 00424nam a2200145 4500
001 139181
003 ES-MaACL
007 t|
008 070214s1939 gw r ||||1| ger d
100 1 _aScarfoglio, Carlo.
_9104148
245 1 0 _aEngland und das Festland /
_cvon Carlo Scarfoglio.
260 _aLeipzig :
_b[s. n.],
_c1939 (
_fDruck Brandsteller)
300 _aVII, 239 p. ;
_c24 cm.
852 _aES-MaACL
_jB-9537
_bR.19072
999 _c139181
_d139181